Результаты технологических испытаний камерального противоточного гидролизаппарата непрерывного действия; Сборник трудов Всесоюзного научно-исследовательского института гидролиза растительных материалов (ВНИИГидролиз); Том 18

Bibliographische Detailangaben
Parent link:Сборник трудов Всесоюзного научно-исследовательского института гидролиза растительных материалов (ВНИИГидролиз)/ Всесоюзный научно-исследовательский институт гидролиза растительных материалов (ВНИИГидролиз).— , 1968-1989
Том 18.— 1969.— С. 6-13
Weitere Verfasser: Ефимов В. А., Молчанова М. Н., Ополченная В. И., Швед Л. В., Середа О. Н., Беляевский И. А., Сведенцов Л. М.
Sprache:Russisch
Veröffentlicht: 1969
Schriftenreihe:Гидролиз разбавленной серной кислотой
Format: MixedMaterials Buchkapitel
KOHA link:https://koha.lib.tpu.ru/cgi-bin/koha/opac-detail.pl?biblionumber=195753

MARC

LEADER 00000naa2a2200000 4500
001 195753
005 20231031182906.0
035 |a (RuTPU)RU\TPU\book\213567 
090 |a 195753 
100 |a 20110515d1969 k y0rusy50 ca 
101 0 |a rus 
102 |a RU 
200 1 |a Результаты технологических испытаний камерального противоточного гидролизаппарата непрерывного действия  |f В. А. Ефимов [и др.] 
225 1 |a Гидролиз разбавленной серной кислотой 
461 0 |0 (RuTPU)RU\TPU\book\213513  |t Сборник трудов Всесоюзного научно-исследовательского института гидролиза растительных материалов (ВНИИГидролиз)  |f Всесоюзный научно-исследовательский институт гидролиза растительных материалов (ВНИИГидролиз)  |d 1968-1989 
463 0 |0 (RuTPU)RU\TPU\book\213566  |t Том 18  |f под ред. Н. В. Чалова  |v С. 6-13  |d 1969  |p 294 с. 
701 1 |a Ефимов  |b В. А. 
701 1 |a Молчанова  |b М. Н. 
701 1 |a Ополченная  |b В. И. 
701 1 |a Швед  |b Л. В. 
701 1 |a Середа  |b О. Н. 
701 1 |a Беляевский  |b И. А. 
701 1 |a Сведенцов  |b Л. М. 
801 1 |a RU  |b 63413507  |c 20110515 
801 2 |a RU  |b 63413507  |c 20111012  |g RCR 
942 |c BK